00722nam a22002057a 45000050016000000100014000160200026000300350013000560370013000690820016000821000021000982450052001192600055001712700060002263000023002865000019003099420030003289990017003589520141003752010072405065.0 aENG-96735 a9788189937775c795.00 aEN-80268 bDBAD/PUB a636.0896042 aSohrab Ali91115 aElement of veterinary genetics /cby Sohrab Ali aNew DelhibArise Publishers and Distributorsc2008 a4648/1, 21, Ansari Road, Darya GanjbNew Delhi e110002 av, 304pc21cm (Hb) aIncludes index 2ddccENh636.0896042mSOH c37474d37474 001040718NFICaDBADbDBADd2010-07-24eDBAD/PUBg795.00l0o636.0896042 ALIpEN-80268r2010-07-24 00:00:00t1v795.00w2010-07-24yEN